000 00421nam a22001817a 4500
003 OSt
008 250426b |||||||| |||| 00| 0 eng d
020 _a9788125601203
082 _a615 JAP
100 _aJadhav, Vishal.B
245 _aPharmacology
260 _aDelhi
_bTara Pub
_c2024
300 _axi,288
650 _aPharmacology
700 _aPatil & Pansare
700 _aVaghela, Jai Singh
942 _2ddc
_cBK
999 _c13461
_d13461